Statistics for Tarantulas by Picture

Click here to take the quiz!

General Stats

  • This quiz has been taken 84 times
  • The average score is 9 of 12

Answer Stats

Answer% Correct
Poecilotheria metallica
97%
Avicularia avicularia
82%
Grammostola pulchra
78%
Pterinochilus murinus
75%
Brachypelma emilia
73%
Grammostola rosea
73%
Poecilotheria regalis
73%
Acanthoscurria geniculata
72%
Aphonopelma seemanni
70%
Chromatopelma cyaneopubescens
63%
Aphonopelma chalcodes
55%
Brachypelma auratum
48%

Score Distribution

Percentile by Number Answered

Percent of People with Each Score

Your Score History

You have not taken this quiz